Countries Closest to Boston - Statistics

General Stats
  • This quiz has been taken 212 times
    174 since last reset
  • The average score is 8 of 10
Answer Stats
Hint Answer % Correct
186 Canada
98%
1687 Mexico
93%
0 United States
91%
1130 Bahamas
85%
1424 Cuba
83%
1548 Dominican Republic
77%
1540 Haiti
75%
1685 Jamaica
69%
787 France
50%
1775 Saint Kitts and Nevis
39%
No matching quizzes found
Score Distribution
Percent of People with Each Score
Percentile by Number Answered
Your Score History
You have not taken this quiz since the last reset